00901nam a22002057a 4500003000500000005001700005008004100022010001100063011001100074035001100085040000900096100003500105245024100140260004000381500006000421502009900481650002500580650002600605856006400631CHAP20220329143930.0100912s2012 mx r 00010 spa d a103901 a104873 a115563 cCHAP1 aNavarrete Flores, Manuel Farit10aSistema agroforestal (Xochitla) para zonas urbanas :h[En línea]bDiseño de un jardín botánico de plantas medicinales para fitoterapia en la Delegación Iztapalapa, Distrito Federal, Méxicoc/por Manuel Farit Navarrete Flores aChapingo, Méx. :bEl autor,c2012 aPara ver el contenido del material haga clic en la liga aTesis (M.C. en Agroforestería para el Desarrollo Sostenible) -- UACH. Departamento de Suelos14aBotánica médica.14aJardines botánicos. 3Finding aiduhttp://10.13.5.2/tesis/115563.pdfzTeclea aqui